[Event "Nationale pupillendag 2017 - categorie F"]
[Site "Meppel"]
[Date "2017.06.17"]
[Round "5.5"]
[White "Freijse, Mathias"]
[Black "Feng, Elysia"]
[Result "0-1"]
[BlackElo "806"]
[WhiteElo "649"]
[LiveChessVersion "1.4.8"]

1. e4 {[%clk 0:15:19]} e5 {[%clk 0:15:20]} 2. Nf3 {[%clk 0:15:27]} Nc6
{[%clk 0:15:29]} 3. Bc4 {[%clk 0:15:34]} Bc5 {[%clk 0:15:36]} 4. O-O
{[%clk 0:15:41]} Nf6 {[%clk 0:15:45]} 5. Nc3 {[%clk 0:15:49]} d6 {[%clk 0:15:54]}
6. d3 {[%clk 0:15:55]} Bg4 {[%clk 0:16:02]} 7. h3 {[%clk 0:16:00]} Bh5
{[%clk 0:16:12]} 8. Bg5 {[%clk 0:16:04]} Nd4 {[%clk 0:16:19]} 9. Nd5
{[%clk 0:16:03]} Nxf3+ {[%clk 0:16:21]} 10. gxf3 {[%clk 0:16:10]} h6
{[%clk 0:16:24]} 11. Nxf6+ {[%clk 0:16:05]} gxf6 {[%clk 0:16:32]} 12. Bh4
{[%clk 0:16:08]} Qd7 {[%clk 0:16:23]} 13. Bxf6 {[%clk 0:16:13]} Qxh3
{[%clk 0:16:30]} 14. Bxh8 {[%clk 0:16:18]} Bxf3 {[%clk 0:16:30]} 15. Qxf3
{[%clk 0:16:20]} Qxf3 {[%clk 0:16:39]} 16. Kh2 {[%clk 0:16:21]} Bxf2
{[%clk 0:16:42]} 17. Rxf2 {[%clk 0:15:29]} Qxf2+ {[%clk 0:16:50]} 18. Kh3
{[%clk 0:15:37]} Qxc2 {[%clk 0:16:55]} 19. Rg1 {[%clk 0:15:41]} O-O-O
{[%clk 0:17:01]} 20. Bf6 {[%clk 0:15:45]} Rf8 {[%clk 0:17:01]} 21. Bg7
{[%clk 0:15:53]} Rd8 {[%clk 0:16:45]} 22. Bxf7 {[%clk 0:15:58]} Qxd3+
{[%clk 0:16:51]} 23. Kh2 {[%clk 0:15:52]} Qe2+ {[%clk 0:16:45]} 24. Rg2
{[%clk 0:15:59]} Qxe4 {[%clk 0:16:46]} 25. Bxh6 {[%clk 0:16:02]} Qh4+
{[%clk 0:16:51]} 26. Kg1 {[%clk 0:16:08]} Qxh6 {[%clk 0:17:00]} 27. Rg6
{[%clk 0:16:00]} Qc1+ {[%clk 0:17:04]} 28. Kg2 {[%clk 0:16:01]} Qxb2+
{[%clk 0:17:13]} 29. Kg3 {[%clk 0:16:07]} Qc3+ {[%clk 0:17:17]} 30. Kh4
{[%clk 0:16:15]} Qf3 {[%clk 0:17:14]} 31. Be6+ {[%clk 0:16:14]} Kb8
{[%clk 0:17:21]} 32. Kg5 {[%clk 0:15:34]} Qf4+ {[%clk 0:17:25]} 33. Kh5
{[%clk 0:15:32]} Rh8+ {[%clk 0:17:34]} 34. Rh6 {[%clk 0:15:39]} Rxh6#
{[%clk 0:17:43]} 0-1

[Event "Nationale pupillendag 2017 - categorie F"]
[Site "Meppel"]
[Date "2017.06.17"]
[Round "5.6"]
[White "'t Hart, Samuel"]
[Black "Reina, Samson"]
[Result "1-0"]
[BlackElo "771"]
[WhiteElo "583"]
[LiveChessVersion "1.4.8"]

1. d4 {[%clk 0:15:18]} d5 {[%clk 0:15:19]} 2. c4 {[%clk 0:15:26]} c6
{[%clk 0:15:26]} 3. Nc3 {[%clk 0:15:32]} Nf6 {[%clk 0:15:33]} 4. e3
{[%clk 0:15:37]} Bf5 {[%clk 0:15:20]} 5. b3 {[%clk 0:15:38]} e6 {[%clk 0:15:24]}
6. Be2 {[%clk 0:15:33]} Bb4 {[%clk 0:15:28]} 7. Bd2 {[%clk 0:15:40]} Nbd7
{[%clk 0:15:31]} 8. Nf3 {[%clk 0:15:48]} O-O {[%clk 0:15:14]} 9. O-O
{[%clk 0:15:50]} c5 {[%clk 0:15:09]} 10. a3 {[%clk 0:15:57]} cxd4
{[%clk 0:15:10]} 11. exd4 {[%clk 0:16:00]} Bd6 {[%clk 0:14:48]} 12. Nb5
{[%clk 0:15:47]} Ne4 {[%clk 0:14:47]} 13. Nxd6 {[%clk 0:15:49]} Nxd6
{[%clk 0:14:57]} 14. Bf4 {[%clk 0:15:48]} Ne4 {[%clk 0:14:50]} 15. Bd3
{[%clk 0:15:52]} Nc3 {[%clk 0:14:24]} 16. Qd2 {[%clk 0:15:54]} Bxd3
{[%clk 0:14:30]} 17. Qxd3 {[%clk 0:15:55]} Ne4 18. Rab1 {[%clk 0:15:25]} dxc4
{[%clk 0:14:18]} 19. bxc4 {[%clk 0:15:31]} Nef6 {[%clk 0:14:14]} 20. Rxb7
{[%clk 0:15:37]} Qa5 {[%clk 0:13:30]} 21. Rfb1 {[%clk 0:15:22]} Qh5
{[%clk 0:13:05]} 22. Rc7 {[%clk 0:14:51]} Rac8 {[%clk 0:12:48]} 23. Rbb7
{[%clk 0:14:54]} Qa5 {[%clk 0:12:36]} 24. Rxa7 {[%clk 0:14:59]} Qb6
{[%clk 0:11:38]} 25. Rab7 {[%clk 0:15:01]} Qa5 {[%clk 0:11:39]} 26. Rb5
{[%clk 0:14:52]} Qa8 {[%clk 0:10:51]} 27. Rbb7 {[%clk 0:14:52]} Rxc7
{[%clk 0:10:53]} 28. Rxc7 {[%clk 0:14:59]} Rc8 {[%clk 0:09:38]} 29. Ng5
{[%clk 0:14:58]} Rxc7 {[%clk 0:09:30]} 30. Bxc7 {[%clk 0:15:02]} Qb7
{[%clk 0:09:24]} 31. Bf4 {[%clk 0:15:07]} Qb2 {[%clk 0:09:14]} 32. h3
{[%clk 0:15:12]} Qa1+ {[%clk 0:09:10]} 33. Kh2 {[%clk 0:15:20]} h6
{[%clk 0:08:56]} 34. Ne4 {[%clk 0:15:22]} Nxe4 {[%clk 0:08:57]} 35. Qxe4
{[%clk 0:15:28]} Qxa3 {[%clk 0:09:05]} 36. c5 {[%clk 0:15:36]} Nf6
{[%clk 0:09:00]} 37. Qe5 {[%clk 0:15:32]} Qb2 {[%clk 0:08:41]} 38. c6
{[%clk 0:15:35]} Qxf2 {[%clk 0:08:26]} 39. c7 {[%clk 0:15:41]} Qc2
{[%clk 0:07:33]} 40. Qd6 {[%clk 0:15:39]} Qe2 {[%clk 0:06:34]} 41. c8=Q+
{[%clk 0:14:58]} Kh7 {[%clk 0:06:25]} 42. Qe7 {[%clk 0:15:04]} 1-0

[Event "Nationale pupillendag 2017 - categorie F"]
[Site "Meppel"]
[Date "2017.06.17"]
[Round "6.1"]
[White "De Heij, Mees"]
[Black "Huang, Wendy"]
[Result "0-1"]
[BlackElo "1146"]
[WhiteElo "887"]
[LiveChessVersion "1.4.8"]

1. d4 {[%clk 0:15:15]} Nf6 {[%clk 0:15:19]} 2. c4 {[%clk 0:15:20]} g6
{[%clk 0:15:21]} 3. Nc3 {[%clk 0:15:24]} Bg7 {[%clk 0:15:28]} 4. Bg5
{[%clk 0:15:32]} d6 {[%clk 0:15:05]} 5. Bxf6 {[%clk 0:15:38]} Bxf6
{[%clk 0:15:08]} 6. e4 {[%clk 0:15:46]} Nc6 {[%clk 0:15:02]} 7. Nf3
{[%clk 0:15:52]} Bg4 {[%clk 0:15:03]} 8. d5 {[%clk 0:15:52]} Ne5 {[%clk 0:14:35]}
9. Be2 {[%clk 0:15:50]} Bxf3 {[%clk 0:14:22]} 10. Bxf3 {[%clk 0:15:55]} O-O
{[%clk 0:14:19]} 11. Be2 {[%clk 0:15:44]} Bg7 {[%clk 0:13:31]} 12. O-O
{[%clk 0:15:48]} Nd7 {[%clk 0:13:00]} 13. Re1 {[%clk 0:15:50]} Nc5
{[%clk 0:12:43]} 14. Qc2 {[%clk 0:15:52]} Qd7 {[%clk 0:11:25]} 15. Bd3
{[%clk 0:14:49]} Nxd3 {[%clk 0:11:04]} 16. Qxd3 {[%clk 0:14:52]} c6
{[%clk 0:10:58]} 17. Rad1 {[%clk 0:14:54]} cxd5 {[%clk 0:10:54]} 18. cxd5
{[%clk 0:15:03]} Rac8 {[%clk 0:10:50]} 19. Rc1 {[%clk 0:15:00]} a6
{[%clk 0:10:28]} 20. a3 {[%clk 0:15:02]} h6 {[%clk 0:08:52]} 21. Re2
{[%clk 0:14:25]} Qc7 {[%clk 0:08:15]} 22. Rec2 {[%clk 0:14:29]} Qd7
{[%clk 0:07:50]} 23. h3 {[%clk 0:14:32]} Kh7 {[%clk 0:07:27]} 24. Qe3
{[%clk 0:12:35]} Kg8 {[%clk 0:06:30]} 25. Rd1 {[%clk 0:11:53]} Bxc3
{[%clk 0:06:03]} 26. Rxc3 {[%clk 0:11:58]} Rxc3 {[%clk 0:05:49]} 27. bxc3
{[%clk 0:11:47]} Kh7 {[%clk 0:05:44]} 28. Rd3 {[%clk 0:11:49]} Qa4
{[%clk 0:05:21]} 29. Qc1 {[%clk 0:11:29]} Qxe4 {[%clk 0:05:17]} 30. Qd2
{[%clk 0:10:42]} Qa4 {[%clk 0:05:04]} 31. Qc1 {[%clk 0:10:19]} Qc4
{[%clk 0:04:44]} 32. Qe3 {[%clk 0:10:10]} Rc8 {[%clk 0:03:52]} 33. Kh2
{[%clk 0:09:54]} Kg7 {[%clk 0:03:11]} 34. f4 {[%clk 0:09:25]} Rc5
{[%clk 0:02:32]} 35. Qf3 {[%clk 0:08:16]} Ra5 {[%clk 0:01:43]} 36. Rd4
{[%clk 0:08:04]} Qb3 {[%clk 0:01:22]} 37. Rb4 {[%clk 0:07:51]} Qxd5
{[%clk 0:01:03]} 38. Qxd5 {[%clk 0:07:50]} Rxd5 {[%clk 0:01:12]} 39. Rxb7
{[%clk 0:07:58]} Rc5 {[%clk 0:01:16]} 40. Rb3 {[%clk 0:07:55]} Kf6
{[%clk 0:01:16]} 41. Rb6 {[%clk 0:07:55]} a5 {[%clk 0:01:20]} 42. Ra6
{[%clk 0:07:59]} Kf5 {[%clk 0:01:25]} 43. Kg1 {[%clk 0:07:59]} Kxf4
{[%clk 0:01:29]} 44. Ra7 {[%clk 0:08:00]} Re5 {[%clk 0:01:31]} 45. Kf2
{[%clk 0:08:03]} Ke4 {[%clk 0:01:32]} 46. Ke2 {[%clk 0:08:07]} Kd5+
{[%clk 0:01:22]} 47. Kd3 {[%clk 0:08:16]} Kc6 {[%clk 0:01:25]} 48. Kd4
{[%clk 0:08:10]} Kb5 {[%clk 0:01:16]} 49. Rb7+ {[%clk 0:08:02]} Ka6
{[%clk 0:01:15]} 50. Rb2 {[%clk 0:07:59]} Rb5 {[%clk 0:01:17]} 51. Rc2
{[%clk 0:07:45]} Rb3 {[%clk 0:01:00]} 52. Kd5 {[%clk 0:07:24]} Kb6
{[%clk 0:01:00]} 53. Rf2 {[%clk 0:06:58]} f5 {[%clk 0:00:30]} 54. Re2
{[%clk 0:07:05]} Rxc3 {[%clk 0:00:30]} 55. Rxe7 {[%clk 0:07:12]} Rxa3
{[%clk 0:00:33]} 56. Re6 {[%clk 0:06:56]} Rd3+ {[%clk 0:00:29]} 57. Kc4
{[%clk 0:07:02]} Rg3 {[%clk 0:00:17]} 58. Rxd6+ {[%clk 0:07:02]} Kc7
{[%clk 0:00:26]} 59. Rd2 {[%clk 0:07:01]} Kb6 {[%clk 0:00:27]} 60. Rd6+
{[%clk 0:06:58]} Kc7 {[%clk 0:00:36]} 61. Rd2 {[%clk 0:07:06]} a4
{[%clk 0:00:43]} 62. Kb4 {[%clk 0:07:14]} a3 {[%clk 0:00:52]} 63. Ra2
{[%clk 0:06:23]} Kd6 {[%clk 0:00:55]} 64. Re2 {[%clk 0:06:31]} Kd5
{[%clk 0:01:00]} 65. Kb5 {[%clk 0:06:22]} Kd4 {[%clk 0:00:57]} 66. Kb4
{[%clk 0:05:55]} Kd3 {[%clk 0:00:50]} 67. Ra2 {[%clk 0:05:48]} Ke3
{[%clk 0:00:43]} 68. Rxa3+ {[%clk 0:05:50]} Kf2 {[%clk 0:00:51]} 69. Ra2+
{[%clk 0:05:57]} Kg1 {[%clk 0:00:59]} 70. Kc4 {[%clk 0:05:18]} Rxg2
{[%clk 0:01:06]} 71. Ra3 {[%clk 0:05:20]} Kh2 {[%clk 0:01:10]} 72. Kd5
{[%clk 0:05:25]} Rg3 {[%clk 0:01:17]} 73. Ra2+ {[%clk 0:05:30]} Kxh3
{[%clk 0:01:25]} 74. Ke6 {[%clk 0:05:37]} f4 {[%clk 0:01:23]} 75. Ra1
{[%clk 0:05:23]} h5 {[%clk 0:01:08]} 76. Ke5 {[%clk 0:05:07]} f3 {[%clk 0:01:12]}
77. Rh1+ {[%clk 0:05:01]} Kg2 {[%clk 0:01:19]} 78. Ra1 {[%clk 0:05:09]} f2
{[%clk 0:01:24]} 79. Ra2 {[%clk 0:05:18]} Kg1 {[%clk 0:01:30]} 80. Ra1+
{[%clk 0:05:22]} 0-1

[Event "Nationale pupillendag 2017 - categorie F"]
[Site "Meppel"]
[Date "2017.06.17"]
[Round "6.2"]
[White "Smeets, Kobe"]
[Black "Maris, Lauri"]
[Result "0-1"]
[BlackElo "1073"]
[WhiteElo "871"]
[LiveChessVersion "1.4.8"]

1. d4 {[%clk 0:15:19]} d5 {[%clk 0:15:19]} 2. c4 {[%clk 0:15:28]} c6
{[%clk 0:15:16]} 3. Nc3 {[%clk 0:15:36]} Nf6 {[%clk 0:15:24]} 4. e3
{[%clk 0:15:35]} e6 {[%clk 0:15:33]} 5. Bd3 {[%clk 0:15:35]} Bb4 {[%clk 0:15:40]}
6. Nge2 {[%clk 0:15:39]} O-O {[%clk 0:15:30]} 7. O-O {[%clk 0:15:47]} Re8
{[%clk 0:15:37]} 8. a3 {[%clk 0:15:55]} Bxc3 {[%clk 0:15:45]} 9. Nxc3
{[%clk 0:16:02]} h6 {[%clk 0:15:42]} 10. Bd2 {[%clk 0:16:06]} Nh7
{[%clk 0:15:43]} 11. Qc2 {[%clk 0:15:59]} Nf8 {[%clk 0:15:37]} 12. c5
{[%clk 0:16:00]} b6 {[%clk 0:15:38]} 13. b4 {[%clk 0:16:09]} Ba6 {[%clk 0:15:22]}
14. Bxa6 {[%clk 0:15:40]} Nxa6 {[%clk 0:15:30]} 15. Qd3 {[%clk 0:15:47]} Nc7
{[%clk 0:15:27]} 16. e4 {[%clk 0:15:47]} dxe4 {[%clk 0:15:33]} 17. Nxe4
{[%clk 0:15:47]} bxc5 {[%clk 0:15:36]} 18. bxc5 {[%clk 0:15:54]} Nd5
{[%clk 0:15:24]} 19. Nd6 {[%clk 0:15:49]} Re7 {[%clk 0:15:27]} 20. Qg3
{[%clk 0:15:52]} Kh7 {[%clk 0:15:03]} 21. Qf3 {[%clk 0:15:27]} f6
{[%clk 0:14:43]} 22. Rfe1 {[%clk 0:14:58]} Rb8 {[%clk 0:14:13]} 23. Rab1
{[%clk 0:15:04]} Rxb1 {[%clk 0:14:02]} 24. Rxb1 {[%clk 0:15:13]} Ng6
{[%clk 0:13:49]} 25. h3 {[%clk 0:13:55]} Nh4 {[%clk 0:13:11]} 26. Qd3+
{[%clk 0:12:57]} Ng6 {[%clk 0:13:02]} 27. Qa6 {[%clk 0:12:53]} e5
{[%clk 0:12:20]} 28. dxe5 {[%clk 0:11:59]} Nxe5 {[%clk 0:12:11]} 29. Rb7
{[%clk 0:11:11]} Rxb7 {[%clk 0:12:07]} 30. Qxb7 {[%clk 0:11:16]} Qe7
{[%clk 0:11:53]} 31. Qa6 {[%clk 0:09:29]} Qd7 {[%clk 0:10:13]} 32. Nc8
{[%clk 0:09:22]} Ne7 {[%clk 0:09:29]} 33. Qxa7 {[%clk 0:08:18]} Nxc8
{[%clk 0:09:18]} 34. Qxd7 {[%clk 0:08:26]} Nxd7 {[%clk 0:09:27]} 35. Bb4
{[%clk 0:08:28]} Ne5 {[%clk 0:09:17]} 36. f3 {[%clk 0:08:23]} Nd3
{[%clk 0:09:26]} 37. Kf1 {[%clk 0:08:30]} Nxb4 {[%clk 0:09:25]} 38. axb4
{[%clk 0:08:39]} Kg6 {[%clk 0:09:33]} 39. Ke2 {[%clk 0:08:49]} Kf5
{[%clk 0:09:42]} 40. Ke3 {[%clk 0:08:55]} Ke5 {[%clk 0:09:51]} 41. f4+
{[%clk 0:08:56]} Kd5 {[%clk 0:09:58]} 42. Kd3 {[%clk 0:09:03]} g6
{[%clk 0:10:01]} 43. g4 {[%clk 0:09:10]} Ne7 {[%clk 0:10:01]} 44. h4
{[%clk 0:09:14]} g5 {[%clk 0:09:55]} 45. hxg5 {[%clk 0:08:49]} hxg5
{[%clk 0:10:01]} 46. f5 {[%clk 0:08:43]} Nc8 {[%clk 0:09:30]} 47. Kc3
{[%clk 0:08:29]} Na7 {[%clk 0:09:38]} 48. Kd3 {[%clk 0:08:32]} Nb5
{[%clk 0:09:42]} 49. Ke3 {[%clk 0:08:35]} Kc4 {[%clk 0:09:47]} 50. Ke4
{[%clk 0:08:40]} Kxb4 {[%clk 0:09:55]} 51. Kd3 {[%clk 0:08:50]} Kxc5
{[%clk 0:10:03]} 52. Kc2 {[%clk 0:08:59]} Kc4 {[%clk 0:10:12]} 53. Kb2
{[%clk 0:09:02]} c5 {[%clk 0:10:19]} 54. Kc2 {[%clk 0:09:12]} Nd4+
{[%clk 0:10:28]} 55. Kd2 {[%clk 0:09:20]} Kb3 {[%clk 0:10:36]} 56. Kc1
{[%clk 0:09:27]} c4 {[%clk 0:10:41]} 57. Kb1 {[%clk 0:09:32]} c3 {[%clk 0:10:44]}
58. Kc1 {[%clk 0:09:40]} Ne2+ {[%clk 0:10:45]} 59. Kb1 {[%clk 0:09:47]} c2+
{[%clk 0:10:47]} 0-1

[Event "Nationale pupillendag 2017 - categorie F"]
[Site "Meppel"]
[Date "2017.06.17"]
[Round "6.3"]
[White "Visser, Isaac"]
[Black "Feng, Elysia"]
[Result "1-0"]
[BlackElo "806"]
[WhiteElo "735"]
[LiveChessVersion "1.4.8"]

1. e4 e5 2. f4 {[%clk 0:15:19]} d6 {[%clk 0:15:22]} 3. Nf3 Nc6 4. Bc4
{[%clk 0:15:07]} Nf6 {[%clk 0:15:27]} 5. Nc3 {[%clk 0:15:09]} g6 {[%clk 0:15:35]}
6. O-O {[%clk 0:15:01]} Bg7 {[%clk 0:15:44]} 7. d3 {[%clk 0:15:04]} O-O
{[%clk 0:15:45]} 8. Be3 {[%clk 0:14:44]} Be6 {[%clk 0:15:37]} 9. Bxe6
{[%clk 0:14:40]} fxe6 {[%clk 0:15:46]} 10. Ng5 {[%clk 0:14:20]} d5
{[%clk 0:15:39]} 11. Nxe6 {[%clk 0:14:12]} Qd7 {[%clk 0:15:29]} 12. Nxf8
{[%clk 0:14:18]} Rxf8 {[%clk 0:15:37]} 13. fxe5 {[%clk 0:14:21]} Nxe5
{[%clk 0:15:44]} 14. exd5 {[%clk 0:14:17]} Nxd5 {[%clk 0:15:48]} 15. Rxf8+
{[%clk 0:14:10]} Kxf8 {[%clk 0:15:52]} 16. Nxd5 {[%clk 0:14:11]} Qxd5
{[%clk 0:15:59]} 17. Qd2 {[%clk 0:14:13]} h6 {[%clk 0:15:43]} 18. Bxh6
{[%clk 0:14:15]} b6 {[%clk 0:15:12]} 19. Bxg7+ {[%clk 0:14:06]} Kxg7
{[%clk 0:15:20]} 20. d4 {[%clk 0:14:06]} Nc6 {[%clk 0:14:57]} 21. c3
{[%clk 0:14:11]} Ne7 {[%clk 0:14:35]} 22. Rf1 {[%clk 0:14:03]} c5
{[%clk 0:14:26]} 23. Qf2 {[%clk 0:13:48]} cxd4 {[%clk 0:14:29]} 24. Qf8+
{[%clk 0:13:46]} Kh7 {[%clk 0:14:26]} 25. Qxe7+ Kh6 26. cxd4 {[%clk 0:13:44]}
Qxd4+ {[%clk 0:14:45]} 27. Kh1 {[%clk 0:13:44]} Qxb2 {[%clk 0:14:45]} 28. h3
{[%clk 0:13:40]} Kh5 {[%clk 0:14:50]} 29. Qxa7 {[%clk 0:13:42]} Kh4
{[%clk 0:14:52]} 30. Qh7+ {[%clk 0:13:40]} Kg3 {[%clk 0:14:56]} 31. Qxg6+
{[%clk 0:13:44]} Kh4 {[%clk 0:15:01]} 32. Rf4# 1-0

[Event "Nationale pupillendag 2017 - categorie F"]
[Site "Meppel"]
[Date "2017.06.17"]
[Round "6.4"]
[White "Ponomarev, Ivan"]
[Black "'t Hart, Samuel"]
[Result "1-0"]
[BlackElo "583"]
[WhiteElo "740"]
[LiveChessVersion "1.4.8"]

1. e4 {[%clk 0:15:20]} e5 {[%clk 0:15:18]} 2. Nf3 {[%clk 0:15:28]} Nf6
{[%clk 0:15:25]} 3. Nxe5 {[%clk 0:15:34]} d6 {[%clk 0:15:34]} 4. Nf3
{[%clk 0:15:43]} Bg4 5. Nc3 {[%clk 0:15:46]} c5 {[%clk 0:15:46]} 6. Bb5+
{[%clk 0:15:43]} Nc6 {[%clk 0:15:49]} 7. d3 {[%clk 0:15:36]} Be7 {[%clk 0:15:51]}
8. h3 {[%clk 0:15:20]} Bxf3 {[%clk 0:15:52]} 9. Qxf3 {[%clk 0:15:08]} O-O
{[%clk 0:15:58]} 10. Bxc6 {[%clk 0:14:38]} bxc6 {[%clk 0:16:00]} 11. O-O
{[%clk 0:14:37]} d5 {[%clk 0:15:58]} 12. exd5 {[%clk 0:14:28]} cxd5
{[%clk 0:16:05]} 13. Bg5 {[%clk 0:13:15]} Qd6 {[%clk 0:16:08]} 14. Rab1
{[%clk 0:12:20]} Bd8 {[%clk 0:16:12]} 15. Bxf6 {[%clk 0:12:19]} Bc7
{[%clk 0:16:21]} 16. g3 {[%clk 0:12:04]} Qxf6 {[%clk 0:16:14]} 17. Qxf6
{[%clk 0:12:07]} gxf6 {[%clk 0:16:22]} 18. Nxd5 {[%clk 0:12:02]} Be5
{[%clk 0:16:28]} 19. c3 {[%clk 0:11:06]} Rad8 {[%clk 0:15:55]} 20. Ne7+
{[%clk 0:09:34]} Kg7 {[%clk 0:16:02]} 21. Rfd1 {[%clk 0:08:58]} Rfe8
{[%clk 0:15:48]} 22. Nc6 {[%clk 0:08:53]} Rd6 {[%clk 0:15:37]} 23. Nxe5
{[%clk 0:08:37]} fxe5 {[%clk 0:15:35]} 24. Rd2 {[%clk 0:07:56]} e4
{[%clk 0:15:33]} 25. d4 {[%clk 0:06:43]} Red8 {[%clk 0:15:32]} 26. Rbd1
{[%clk 0:06:17]} h6 {[%clk 0:15:32]} 27. Kf1 {[%clk 0:05:56]} f5 {[%clk 0:15:37]}
28. Ke2 {[%clk 0:05:37]} Kf6 {[%clk 0:15:40]} 29. dxc5 {[%clk 0:05:34]} Rxd2+
{[%clk 0:15:32]} 30. Rxd2 {[%clk 0:05:42]} Rc8 {[%clk 0:15:39]} 31. Rd6+
{[%clk 0:05:37]} Ke5 {[%clk 0:15:48]} 32. Rxh6 {[%clk 0:04:52]} Rxc5
{[%clk 0:15:29]} 33. Ra6 {[%clk 0:04:38]} Rb5 {[%clk 0:15:37]} 34. b3
{[%clk 0:04:45]} Rc5 {[%clk 0:15:38]} 35. c4 {[%clk 0:04:52]} Rc7
{[%clk 0:15:44]} 36. g4 {[%clk 0:03:46]} Rd7 {[%clk 0:15:43]} 37. gxf5
{[%clk 0:03:46]} Kxf5 {[%clk 0:15:51]} 38. f3 {[%clk 0:03:18]} exf3+
{[%clk 0:15:32]} 39. Kxf3 {[%clk 0:03:26]} Kg5 {[%clk 0:15:41]} 40. Ke4
{[%clk 0:02:35]} Re7+ {[%clk 0:15:40]} 41. Kd5 {[%clk 0:02:42]} Re3
{[%clk 0:15:47]} 42. Rxa7 {[%clk 0:02:48]} Rxh3 {[%clk 0:15:54]} 43. c5
{[%clk 0:01:56]} Rd3+ {[%clk 0:15:58]} 44. Kc6 {[%clk 0:02:05]} Rc3
{[%clk 0:16:04]} 45. Kb6 {[%clk 0:02:07]} Kf5 {[%clk 0:16:03]} 46. c6
{[%clk 0:02:03]} Ke6 47. c7 Kd7 {[%clk 0:16:08]} 48. b4 {[%clk 0:02:00]} Rc6+
{[%clk 0:16:16]} 49. Kb5 {[%clk 0:02:04]} Rxc7 {[%clk 0:16:22]} 50. Rxc7+
{[%clk 0:02:12]} Kxc7 {[%clk 0:16:30]} 51. a4 {[%clk 0:02:21]} Kb8
{[%clk 0:16:39]} 52. a5 {[%clk 0:02:29]} Ka8 {[%clk 0:16:48]} 53. Ka6
{[%clk 0:02:38]} Kb8 {[%clk 0:16:56]} 54. b5 {[%clk 0:02:47]} Ka8
{[%clk 0:17:05]} 55. b6 {[%clk 0:02:55]} Kb8 {[%clk 0:17:14]} 56. Kb5
{[%clk 0:03:04]} Ka8 {[%clk 0:17:23]} 57. Kc6 {[%clk 0:03:11]} Kb8
{[%clk 0:17:32]} 58. b7 {[%clk 0:03:18]} Ka7 {[%clk 0:17:32]} 59. Kc7
{[%clk 0:03:26]} Ka6 {[%clk 0:17:38]} 60. b8=Q {[%clk 0:03:34]} Kxa5
{[%clk 0:17:44]} 61. Qb6+ {[%clk 0:03:43]} Ka4 {[%clk 0:17:53]} 62. Kc6
{[%clk 0:03:52]} Ka3 {[%clk 0:18:02]} 63. Kc5 {[%clk 0:04:01]} Ka2
{[%clk 0:18:10]} 64. Kc4 {[%clk 0:04:10]} Ka1 {[%clk 0:18:18]} 65. Kc3
{[%clk 0:04:19]} Ka2 {[%clk 0:18:25]} 66. Qb2# {[%clk 0:04:28]} 1-0

[Event "Nationale pupillendag 2017 - categorie F"]
[Site "Meppel"]
[Date "2017.06.17"]
[Round "6.5"]
[White "De Jong, Quint"]
[Black "Kutchoukov, Thomas"]
[Result "1-0"]
[BlackElo "691"]
[WhiteElo "967"]
[LiveChessVersion "1.4.8"]

1. d4 {[%clk 0:15:19]} d5 {[%clk 0:15:19]} 2. c4 {[%clk 0:15:28]} dxc4 3. e4
{[%clk 0:15:36]} Nf6 {[%clk 0:15:40]} 4. Nc3 {[%clk 0:15:44]} Nc6
{[%clk 0:15:46]} 5. Bxc4 {[%clk 0:15:51]} Bg4 {[%clk 0:15:51]} 6. f3
{[%clk 0:15:46]} Bh5 {[%clk 0:15:58]} 7. Nge2 {[%clk 0:15:47]} e6
{[%clk 0:16:00]} 8. e5 {[%clk 0:15:50]} Bb4 {[%clk 0:16:04]} 9. exf6
{[%clk 0:15:48]} Qxf6 {[%clk 0:16:05]} 10. O-O {[%clk 0:15:49]} Bxc3
{[%clk 0:15:57]} 11. bxc3 {[%clk 0:15:57]} O-O-O {[%clk 0:15:59]} 12. a4
{[%clk 0:15:49]} e5 {[%clk 0:15:38]} 13. Be3 {[%clk 0:15:53]} exd4
{[%clk 0:15:43]} 14. Nxd4 {[%clk 0:15:55]} Nxd4 {[%clk 0:15:43]} 15. Bxd4
{[%clk 0:16:00]} Qc6 {[%clk 0:15:43]} 1-0

[Event "Nationale pupillendag 2017 - categorie F"]
[Site "Meppel"]
[Date "2017.06.17"]
[Round "6.6"]
[White "Waersegers, Brent"]
[Black "Van Delft, Adinda"]
[Result "1-0"]
[BlackElo "699"]
[WhiteElo "583"]
[LiveChessVersion "1.4.8"]

1. e4 {[%clk 0:15:19]} c5 {[%clk 0:15:17]} 2. Nc3 {[%clk 0:15:27]} Nc6
{[%clk 0:15:23]} 3. Nf3 {[%clk 0:15:34]} d6 {[%clk 0:15:27]} 4. Bc4
{[%clk 0:15:41]} e6 {[%clk 0:15:33]} 5. O-O {[%clk 0:15:45]} Nf6 {[%clk 0:15:39]}
6. d4 {[%clk 0:15:49]} cxd4 {[%clk 0:15:15]} 7. Nxd4 {[%clk 0:15:30]} Qc7
{[%clk 0:14:59]} 8. Re1 {[%clk 0:15:09]} g6 {[%clk 0:14:44]} 9. Qf3
{[%clk 0:15:00]} Bg7 {[%clk 0:14:20]} 10. Bg5 {[%clk 0:15:03]} Nd7
{[%clk 0:14:11]} 11. Ncb5 {[%clk 0:14:56]} Qb6 {[%clk 0:13:44]} 12. Nxd6+
{[%clk 0:15:03]} Kf8 {[%clk 0:13:33]} 13. Qxf7# 1-0

[Event "Nationale pupillendag 2017 - categorie F"]
[Site "Meppel"]
[Date "2017.06.17"]
[Round "7.1"]
[White "Huang, Wendy"]
[Black "Ponomarev, Ivan"]
[Result "0-1"]
[BlackElo "740"]
[WhiteElo "1146"]
[LiveChessVersion "1.4.8"]

1. e4 {[%clk 0:15:19]} e5 {[%clk 0:15:18]} 2. Nf3 {[%clk 0:15:28]} Nc6
{[%clk 0:15:26]} 3. d4 {[%clk 0:15:36]} exd4 {[%clk 0:15:34]} 4. Nxd4
{[%clk 0:15:44]} Bc5 {[%clk 0:15:42]} 5. Be3 {[%clk 0:15:52]} Qf6
{[%clk 0:15:46]} 6. c3 {[%clk 0:16:00]} Nge7 {[%clk 0:15:05]} 7. Qd2
{[%clk 0:14:51]} Nxd4 {[%clk 0:14:08]} 8. cxd4 {[%clk 0:13:59]} Bb6
{[%clk 0:13:59]} 9. Nc3 {[%clk 0:12:23]} Ba5 {[%clk 0:13:46]} 10. Bc4
{[%clk 0:11:06]} Qc6 {[%clk 0:12:42]} 11. Bd3 {[%clk 0:10:24]} Bxc3
{[%clk 0:11:41]} 12. Qxc3 {[%clk 0:10:18]} d5 {[%clk 0:11:36]} 13. Qxc6+
{[%clk 0:09:46]} bxc6 {[%clk 0:11:44]} 14. O-O {[%clk 0:09:34]} Rb8
{[%clk 0:11:22]} 15. b3 {[%clk 0:09:20]} O-O {[%clk 0:11:01]} 16. Rac1
{[%clk 0:08:53]} Rb6 {[%clk 0:10:01]} 17. Bf4 {[%clk 0:07:34]} Ba6
{[%clk 0:08:57]} 18. Bxa6 {[%clk 0:06:57]} Rxa6 {[%clk 0:09:05]} 19. Bxc7
{[%clk 0:05:33]} Rxa2 {[%clk 0:09:08]} 20. Bd6 {[%clk 0:05:18]} Re8
{[%clk 0:08:28]} 21. exd5 {[%clk 0:04:41]} Nxd5 {[%clk 0:07:16]} 22. Rxc6
{[%clk 0:04:11]} g6 {[%clk 0:06:56]} 23. h3 {[%clk 0:03:38]} Re6 {[%clk 0:05:55]}
24. Rfc1 {[%clk 0:03:02]} Rb2 {[%clk 0:04:54]} 25. Rc8+ {[%clk 0:02:35]} Kg7
{[%clk 0:04:57]} 26. Bc5 {[%clk 0:01:53]} Ree2 {[%clk 0:04:01]} 27. Bf8+
{[%clk 0:01:26]} Kf6 {[%clk 0:03:47]} 28. R8c6+ {[%clk 0:00:58]} Kf5
{[%clk 0:03:06]} 29. R1c5 {[%clk 0:00:29]} Ke4 {[%clk 0:02:26]} 30. Rd6
{[%clk 0:00:18]} Rxf2 {[%clk 0:01:35]} 31. Rdxd5 {[%clk 0:00:23]} Rxg2+
{[%clk 0:01:43]} 32. Kf1 {[%clk 0:00:30]} Rgf2+ {[%clk 0:01:48]} 33. Ke1
{[%clk 0:00:34]} Kd3 {[%clk 0:01:02]} 34. Re5 0-1